Deutsche Anti-Terror-Gesetzgebung im Spannungsfeld zwischen Freiheit und Sicherheit: Entwicklungen seit dem Inkrafttreten des Terrorismusbekämpfungsergänzungsgesetzes 2007

Saved in:  
Bibliographic Details
Main Author: Frauenrath, Ralf (Author)
Format: Electronic Book
Language:German
Published: Swisttal-Heimerzheim 2013
In:Year: 2013
Online Access: Volltext (lizenzpflichtig)
Check availability: HBZ Gateway
Subito Delivery Service: Order now.
Keywords:

MARC

LEADER 00000nam a2200000 c 4500
001 1840075082
003 DE-627
005 20230324140405.0
007 cr uuu---uuuuu
008 230324s2013 xx |||||om 00| ||ger c
035 |a (DE-627)1840075082 
035 |a (DE-599)KXP1840075082 
040 |a DE-627  |b ger  |c DE-627  |e rda 
041 |a ger 
084 |a 2,1  |2 ssgn 
100 1 |a Frauenrath, Ralf  |e VerfasserIn  |4 aut 
245 1 0 |a Deutsche Anti-Terror-Gesetzgebung im Spannungsfeld zwischen Freiheit und Sicherheit  |b Entwicklungen seit dem Inkrafttreten des Terrorismusbekämpfungsergänzungsgesetzes 2007  |c Ralf Frauenrath 
264 1 |a Swisttal-Heimerzheim  |c 2013 
300 |a 1 Online-Ressource (99 Seiten) 
336 |a Text  |b txt  |2 rdacontent 
337 |a Computermedien  |b c  |2 rdamedia 
338 |a Online-Ressource  |b cr  |2 rdacarrier 
502 |b Diplomarbeit  |c Akademie für Verfassungsschutz  |d 2013 
655 7 |a Hochschulschrift  |0 (DE-588)4113937-9  |0 (DE-627)105825778  |0 (DE-576)209480580  |2 gnd-content 
751 |a Swisttal-Heimerzheim  |0 (DE-588)4096124-2  |0 (DE-627)105971359  |0 (DE-576)209322748  |4 uvp 
856 4 0 |u http://www.geldwaeschecompliance.de/media/files/diplomarbeit-2013-03-anti-terror-gesetzgebung-01.pdf  |x Resolving-System  |z lizenzpflichtig  |7 1 
951 |a BO 
ELC |a 1 
LOK |0 000 xxxxxcx a22 zn 4500 
LOK |0 001 4296831461 
LOK |0 003 DE-627 
LOK |0 004 1840075082 
LOK |0 005 20230324140412 
LOK |0 008 230324||||||||||||||||ger||||||| 
LOK |0 040   |a DE-2619  |c DE-627  |d DE-2619 
LOK |0 092   |o n 
LOK |0 852   |a DE-2619 
LOK |0 852 1  |9 00 
LOK |0 939   |a 24-03-23  |b l01 
ORI |a SA-MARC-krimdoka001.raw